[Event "GER-chT Betriebe"]
[Site "Berlin"]
[Date "2006.10.06"]
[Round "3.3"]
[White "Duemmler, Claus"]
[Black "Von Schoening, Ulrich"]
[Result "0-1"]
[WhiteElo "1500"]
[BlackElo "1419"]
[PlyCount "119"]
[EventDate "2006.10.05"]
[EventType "team-tourn"]
[EventRounds "7"]
[EventCountry "GER"]
[SourceTitle "EXT 2007"]
[Source "ChessBase"]
[SourceDate "2006.11.23"]
[SourceVersion "1"]
[SourceVersionDate "2006.11.23"]
[SourceQuality "1"]
[WhiteTeam "Hamburg RASI"]
[BlackTeam "Berlin Volksbank"]
[WhiteTeamCountry "GER"]
[BlackTeamCountry "GER"]

1. e4 e5 2. f4 exf4 3. Nf3 Bc5 4. d4 Bb6 5. Bxf4 d5 6. e5 Bg4 7. c3 Nd7 8. h3 Bh5 9. g4 Bg6 10. Bd3 Ne7 11. h4 h6 12. h5 Bh7 13. Na3 a6 14. Qe2 Bxd3 15. Qxd3 c5 16. Nc2 g5 17. hxg6 Nxg6 18. Bg3 Qe7 19. 0-0-0 cxd4 20. e6 Nf6 21. exf7+ Kxf7 22. Nfxd4 Qe4 23. Qe2 Qxg4 24. Rhg1 Qg5+ 25. Ne3 Ne4 26. Qe1 Bxd4 27. Rxd4 Rhe8 28. Rxd5 Qe7 29. Rf5+ Kg8 30. Bh2 Kh7 31. Qe2 Nxc3 32. bxc3 Qa3+ 33. Qb2 Qxb2+ 34. Kxb2 Rxe3 35. Bc7 Rae8 36. Rf2 Re2+ 37. Rxe2 Rxe2+ 38. Kb3 Ne5 39. Bxe5 Rxe5 40. Rd1 Rb5+ 41. Kc2 h5 42. Rd3 Kg6 43. a4 Rc5 44. Kb3 a5 45. Rd6+ Kf5 46. Rb6 h4 47. Rxb7 h3 48. Rh7 Kg4 49. c4 Rh5 50. Rg7+ Rg5 51. Rh7 Kg3 52. Kc3 h2 53. Kd4 Kg2 54. c5 Rg4+ 55. Kd5 h1Q 56. Rxh1 Kxh1 57. Kd6 Rxa4 58. c6 Rc4 59. Kd7 a4 60. c7 0-1

[Event "GER-chT Betriebe"]
[Site "Berlin"]
[Date "2006.10.05"]
[Round "2.3"]
[White "Lau, Peter"]
[Black "Duemmler, Claus"]
[Result "1-0"]
[WhiteElo "1867"]
[BlackElo "1500"]
[PlyCount "75"]
[EventDate "2006.10.05"]
[EventType "team-tourn"]
[EventRounds "7"]
[EventCountry "GER"]
[SourceTitle "EXT 2007"]
[Source "ChessBase"]
[SourceDate "2006.11.23"]
[SourceVersion "1"]
[SourceVersionDate "2006.11.23"]
[SourceQuality "1"]
[WhiteTeam "Wiesbaden"]
[BlackTeam "Hamburg RASI"]
[WhiteTeamCountry "GER"]
[BlackTeamCountry "GER"]

1. e4 e5 2. Nf3 Nc6 3. Bb5 h6 4. 0-0 Nge7 5. c3 a6 6. Ba4 b5 7. Bc2 Bb7 8. d4 Ng6 9. Nbd2 Bd6 10. Re1 Qf6 11. Nf1 0-0-0 12. d5 Nb8 13. a4 b4 14. Be3 Nf4 15. c4 g5 16. h3 h5 17. N3h2 g4 18. h4 Qxh4 19. Ng3 Qf6 20. Nf5 h4 21. Nxg4 Qg5 22. Bxf4 Qxf4 23. Nxd6+ cxd6 24. Qf3 Qxf3 25. gxf3 Rdg8 26. Kh2 a5 27. Rg1 Ba6 28. b3 Bb7 29. Ne3 Na6 30. Nf5 Rxg1 31. Rxg1 Kc7 32. Rg7 Bc8 33. Kh3 f6 34. Rg4 Nc5 35. Rxh4 Rxh4+ 36. Kxh4 Kd8 37. Kh5 Ba6 38. Kg6 1-0